| 000 | 00411nam a22001817a 4500 | ||
|---|---|---|---|
| 003 | OSt | ||
| 005 | 20170105103441.0 | ||
| 008 | 120425t xxu||||| |||| 00| 0 eng d | ||
| 020 | _a9788127235284 | ||
| 040 | _cASAB | ||
| 050 | _a570.7, MOH | ||
| 100 |
_aR. n bhattacharyya _9155 |
||
| 245 | _a Modern Approach to Biology -1 | ||
| 260 | _aNew Delhi | ||
| 300 | _a751 | ||
| 650 |
_aBiology _9156 |
||
| 942 |
_2lcc _cBK |
||
| 999 |
_c16478 _d16478 |
||